000 00395nam a2200169Ia 4500
001 2813
003 IN-NITTTR
005 20251114232936.0
008 251113s9999||||xx |||||||||||||| ||eng||
040 _beng
040 _cIN-NITTTR
041 _aeng
082 _a532 B753E
100 _aBrenkert, Karl
245 0 _aElementary theoretical fluid mechanics /
_cBrenkert, Karl
942 _2ddc
_cBK
999 _c4483
_d4483